| 000 | 00445cam a2200181ua 4500 | ||
|---|---|---|---|
| 001 | 10880 | ||
| 005 | 20260515114654.0 | ||
| 008 | 190503n ii |||gr||||Z||||||eng | ||
| 020 | _a9788183762489 | ||
| 040 | _cMAIN | ||
| 082 | _a305.4 | ||
| 100 |
_aP B Rathod, _eAuthor. |
||
| 245 |
_aAn introduction to womens studies _cBy P B Rathod |
||
| 260 |
_aJaipur: _bABD publishers, _c2017. |
||
| 300 | _a322p. | ||
| 653 | _aSocial groups | ||
| 942 | _cBK | ||
| 999 |
_c9826 _d9826 |
||